The holistic garland: (Record no. 18549)

000 -LEADER
fixed length control field 00402nam a22001451a 4500
082 ## - DEWEY DECIMAL CLASSIFICATION NUMBER
Classification number 780.954 87
Item number RAJ/H
100 ## - MAIN ENTRY--AUTHOR NAME
Personal name Rajagopalan N
245 ## - TITLE STATEMENT
Title The holistic garland:
Sub Title the growth and contribution of classical carnatic music/
Statement of responsibility, etc by Rajagopalan N
260 ## - PUBLICATION, DISTRIBUTION, ETC. (IMPRINT)
Place of publication Madras:
Name of publisher Carnatic Classicals,
Year of publication 2002.
300 ## - PHYSICAL DESCRIPTION
Number of Pages 472p.
650 ## - SUBJECT ADDED ENTRY--TOPICAL TERM
Topical Term Carnatic Music
650 ## - SUBJECT ADDED ENTRY--TOPICAL TERM
Topical Term Music
650 ## - SUBJECT ADDED ENTRY--TOPICAL TERM
Topical Term Arts
942 ## - ADDED ENTRY ELEMENTS (KOHA)
Koha item type Book
Holdings
Withdrawn status Lost status Damaged status Not for loan Permanent Location Current Location Date acquired Cost, normal purchase price Full call number Accession Number Cost, replacement price Price effective from Koha item type Shelving location
        Sree Sankaracharya University of Sanskrit Sree Sankaracharya University of Sanskrit 08.01.2015 400.00 780.954 87 RAJ/H 053618 0.00 08.01.2015 Book  
        Sree Sankaracharya University of Sanskrit Sree Sankaracharya University of Sanskrit 04.08.2015 400.00 780.954 87 RAJ/H 078209   04.08.2015 Book Stacks